The cry for justice : an anthology of the literature of social protest.

An extensive selection of poetry, essays, and excerpts from literary works all centering on themes of social protest. Includes the words to the Internationale, p. 511 and the Marseillaise, p. 521. Unfortunately, the index is not complete.

Bibliographic Details
Main Author: Sinclair, Upton, 1878-1968 (Editor)
Format: Book
Language:English
Published: New York : Lyle Stuart, [1964, ©1963]
New York : L. Stuart, [1963]
Edition:New edition, revised and edited
Subjects:

MARC

Tag First Indicator Second Indicator Subfields
LEADER 00000cam a2200000 i 4500
001 in00000033664
005 20151007061919.0
008 720427t19641963nyua 001 0 eng
010 |a  63007041  
019 |a 710860  |a 4257808  |a 1175572871  |a 1175693562  |a 1175714340  |a 1175716980  |a 1175721769  |a 1175722783  |a 1175723545 
029 1 |a AU@  |b 000000644066 
035 |a (OCoLC)256531 
040 |a DLC  |b eng  |c DLC  |d OCL  |d NLGGC  |d OCLCG  |d STF  |d AU@  |d NIALS  |d ZVM  |d VRC  |d BDX  |d OCLCF  |d OCLCQ  |d OCLCO  |d JVF  |d EOS  |d YBM  |d OCLCO  |d J9U  |d OCLCO 
049 |a JLFA 
050 0 |a HN5  |b .S5 1964 
050 0 0 |a HN5  |b .S5 1964 
082 0 |a 808.88 
082 0 0 |a 808.8893 
092 |a 808.88  |b S616c, 1963 
100 1 |a Sinclair, Upton,  |d 1878-1968. 
245 1 4 |a The cry for justice :  |b an anthology of the literature of social protest. 
245 0 4 |a The cry for justice :  |b an anthology of the literature of social protest /  |c selected and edited by Upton Sinclair. 
250 |a New edition, revised and edited  |b with the cooperation of Edward Sagarin and Albert Teichner. 
260 |a New York :  |b Lyle Stuart,  |c [1964, ©1963] 
264 1 |a New York :  |b L. Stuart,  |c [1963] 
264 4 |c [©1963] 
300 |a 638 pages :  |b illustrations ;  |c 24 cm 
336 |a text  |b txt  |2 rdacontent 
337 |a unmediated  |b n  |2 rdamedia 
338 |a volume  |b nc  |2 rdacarrier 
505 0 |a Toil -- The chasm -- The outcast -- Out of the depths -- Revolt -- Martyrdom -- Jesus and the Church -- The voice of the ages -- Mammon -- War and dictatorship -- Nations and colonies -- Children -- Humor -- The poet -- Socialism -- Struggle for equality -- The freedoms -- The new day -- Man will prevail -- Civil disobedience. 
520 |a An extensive selection of poetry, essays, and excerpts from literary works all centering on themes of social protest. Includes the words to the Internationale, p. 511 and the Marseillaise, p. 521. Unfortunately, the index is not complete. 
650 0 |a Social problems. 
700 1 |a Sinclair, Upton,  |d 1878-1968,  |e editor. 
938 |a Brodart  |b BROD  |n 22638598  |c $10.00 
999 |a MARS 
999 f f |s 1cb651fb-83e5-3b96-ba77-66f60c123acb  |i 284bba17-e76c-3429-b48f-9552710c2204  |t 0 
952 f f |p ric  |a Texas A&M University  |b Rellis Campus  |c Joint Library Facility  |s JLF  |d Remote Storage  |t 0  |e HN5 .S5 1964  |h Library of Congress classification  |i unmediated -- volume  |m A14801204484